[Event "Olympiad Women-40"]
[Site "Istanbul"]
[Date "2012.09.01"]
[Round "5.3"]
[White "Ju, Wenjun"]
[Black "Sachdev, Tania"]
[Result "1-0"]
[WhiteElo "2528"]
[BlackElo "2379"]
[Annotator "Mikhalchishin,A"]
[PlyCount "77"]
[EventDate "2012.08.28"]
[EventType "team-swiss"]
[EventRounds "11"]
[EventCountry "TUR"]
[SourceTitle "CBM 151"]
[Source "ChessBase"]
[SourceDate "2012.11.13"]
[SourceVersion "1"]
[SourceVersionDate "2012.11.13"]
[SourceQuality "1"]
[WhiteTeam "China (W)"]
[BlackTeam "India (W)"]
[WhiteTeamCountry "CHN"]
[BlackTeamCountry "IND"]

1. d4 Nf6 2. c4 e6 3. g3 d5 4. Nf3 dxc4 5. Bg2 c6 ({A similar variation in a
different way appeared after} 5... a6 6. Ne5 Bb4+ 7. Bd2 Qxd4 8. Bxb4 (8. Qa4+
Nbd7 9. Qxb4 Qxe5 10. Nc3 Qc5 11. Qa4 O-O 12. Be3 Qf5 13. Qxc4 Ng4 14. Qxc7
Nxe3 15. fxe3 Qe5 16. Qxe5 Nxe5 17. b3 Rb8 18. h3 Bd7 19. Kf2 Rfc8 20. Rac1 Kf8
$15 {M. Kanep - Vitiugov, Tallinn 2006}) 8... Qxe5 9. Na3 $1 (9. Qc2 $2 Nd5 10.
Bd2 Nc6 11. O-O b5 12. Bf4 Nd4 $19 {O. Maldonado - Adianto, New York 1991})
9... Nc6 (9... Qxb2 10. Rb1 Qxa2 11. Qc1 a5 12. Bc5 Nbd7 13. Rb2 Qxb2 14. Qxb2
Nxc5 15. Qe5 $14 {Mikhalchishin}) 10. Bxc6+ bxc6 11. Bc3 Qd5 (11... Qc5 12. Qd4
Qxd4 13. Bxd4 Bb7 14. f3 Rd8 15. Bxf6 gxf6 16. Nxc4 $14 {Mikhalchishin}) 12. f3
$1 e5 13. e4 Qc5 14. Qd2 Be6 15. O-O-O $44 {Aronian,L (2773)-Mamedyarov,S 
(2721)/Ohrid 2009}) 6. Ne5 Bb4+ 7. Nc3 Nd5 8. O-O Nxc3 9. bxc3 Bxc3 10. Nxc4 ({
A very direct way is} 10. Ba3 Qxd4 11. Qxd4 (11. Nxc4 {does not work:} Qxc4 12.
Qd6 Bf6 13. Rfd1 Qb5 14. Rab1 Qe5 15. Qd2 Qc3 16. Qd6 Qa5 17. Rd3 Qd8 18. Qf4
Nd7 19. Rbd1 Be7 20. Bb2 O-O 21. h4 Bf6 22. Ba3 Re8 23. Be4 Qa5 24. Bb4 Qe5 25.
Qf3 Qb5 26. Rb3 Ne5 27. Qe3 {0-1 Banduka,Z (2154)-Mrvova,A (2262)/Banska
Stiavnica SVK 2010}) 11... Bxd4 12. Nxc4 Bxa1 13. Rxa1 f6 14. Nd6+ Kd7 15. Rd1
Kc7 16. Nf7 Re8 17. Bd6+ Kb6 18. Rd3 a5 19. Rb3+ Ka6 20. a4 e5 21. Bc5 Nd7 22.
Be3 Rb8 $2 ({It is necessary to give up some material:} 22... e4 23. Nd6 Re7
24. Bxe4 Rxe4 25. Nxe4 b6 26. Nd6 Bb7) 23. Nd6 Re6 $2 (23... Rd8) 24. Nb5 $1 {
Ivanisevic,I (2664)-Meier,G (2556)/Mainz GER 2008; and White suddenly obtained
a terrible attack.}) 10... O-O $1 {Its always wiser to keep the pawn in the
opening, rather than trying to win more material.} ({After the materialistic} 
10... Bxa1 11. Ba3 Qxd4 12. Nd6+ Kd7 13. Nxf7 Qxd1 14. Rxd1+ Ke8 15. Nxh8 Bf6
16. Be4 Nd7 (16... g6 $4 17. Nxg6 hxg6 18. Bxg6#) 17. Bxh7 c5 18. Bg6+ Kf8 19.
Bh5 {White has a better position.}) 11. Rb1 b5 12. Ne5 ({Some advantage was
promised by} 12. Qc2 Bxd4 ({White would have good compensation for two pawns
after} 12... Qxd4 13. Nd6 Qxd6 14. Qxc3 a5 15. Be3 b4 16. Qc2) 13. e3 Bc5 14.
Rd1 Qe7 15. Na5 a6 16. Bb2 Bb4 17. Nxc6 Nxc6 18. Bxc6 Rb8 19. Be5 Rb6 20. Bd4
Rxc6 21. Qxc6 Bb7 22. Qb6 Ba3 23. Be5 $1 {trying to exchange bishops.}) 12...
Qxd4 ({After the most logical} 12... a5 13. Bb2 Bxb2 14. Rxb2 b4 15. Qd2 f6 16.
Nxc6 Nxc6 17. Bxc6 Ra7 18. Rc1 Bd7 19. e3 Rc7 20. Rbc2 {White would keep an
advantage, controlling the c-file.}) 13. Qxd4 Bxd4 14. Nxc6 Nxc6 15. Bxc6 Rb8
16. Ba3 {Now it becomes clear, that Black is losing an exchange.} Rd8 17. Be7
Bb7 18. Bxd8 Bxc6 19. Bc7 (19. Rfc1 {would be much simpler:} Be8 20. Ba5) 19...
Rb7 20. Rbc1 $1 {Beautiful tactical realisation!} Rxc7 21. Rfd1 Bf6 22. Rd6 Kf8
23. Rdxc6 Rd7 24. Rc7 Ke7 25. R1c5 $1 {White tries to create some weaknesses.}
b4 ({Or} 25... a6 26. R5c6 a5 27. Rxd7+ Kxd7 28. Rc5) 26. Rxd7+ Kxd7 27. Rb5 $1
Bc3 28. Rb7+ Kc6 29. Rxa7 f5 30. e3 {The endgame is simply won.} Kd5 31. Kf1 h5
32. Ke2 g6 33. f3 Kc4 34. Rc7+ Kb5 35. Kd3 Bf6 36. Rf7 Bc3 37. Re7 e5 38. Kc2
g5 39. Rf7 1-0

[Event "Moscow op-A"]
[Site "Moscow"]
[Date "2013.02.07"]
[Round "6"]
[White "Ganguly, Surya Shekhar"]
[Black "Panarin, Mikhail"]
[Result "1-0"]
[WhiteElo "2626"]
[BlackElo "2552"]
[Annotator "Mikhalchishin,A"]
[PlyCount "47"]
[EventDate "2013.02.02"]
[EventType "swiss"]
[EventRounds "9"]
[EventCountry "RUS"]
[SourceTitle "CBM 152 Extra"]
[Source "ChessBase"]
[SourceDate "2013.02.25"]
[SourceVersion "1"]
[SourceVersionDate "2013.02.25"]
[SourceQuality "1"]

1. Nf3 Nf6 2. c4 e6 3. g3 d5 4. d4 dxc4 5. Bg2 Nc6 6. O-O Rb8 7. Nc3 b5 {
A very popular postion in the Catalan nowadays, I would say, maybe even
critical.} 8. Ne5 {The most direct way.} ({Playing for simple compensation
proved to be not so successful.} 8. e4 Be7 9. d5 (9. Qe2 b4 10. Na4 Ba6 11. Rd1
Bb5 12. Qc2 b3 13. axb3 cxb3 14. Qc3 Nxe4 15. Qxb3 O-O 16. Qc2 Nf6 17. Nc3 Nb4
18. Qb1 a6 (18... Bc6 19. Rxa7 Ra8 20. Qa1 Qb8 21. Rxa8 Bxa8 $17) 19. Nxb5 axb5
20. Ne5 Nd7 21. Nc6 Nxc6 22. Bxc6 Nf6 23. Qd3 b4 24. Qc4 Nd5 25. Ra5 Bd6 {
1/2 Miton,K (2595)-Bartel,M (2594)/Chotowa POL 2009/}) 9... exd5 10. exd5 Nb4
11. Ne5 Bd6 $1 12. Nc6 (12. f4 $5) 12... Nxc6 13. dxc6 b4 $1 (13... O-O 14. a4
a6 (14... b4 15. Nb5 $44) 15. axb5 axb5 16. Ra5 b4 17. Nb5 $44) 14. Nd5 (14.
Re1+ Be6 15. Nd5 O-O 16. Bg5 Bxd5 17. Bxd5 h6 $15) 14... Nxd5 (14... Be6 15.
Bg5 Bxd5 16. Bxd5 h6 17. Re1+ $16) 15. Bxd5 O-O 16. Bxc4 Bh3 17. Re1 Qf6 $11 {
Rogozenko,D (2531)-Nisipeanu,L (2592)/Romania 2000}) 8... Nxe5 9. dxe5 Nd7 ({
Its better to suffer for the pawn, as returning of the pawn is just useless:} 
9... Nd5 10. Nxd5 exd5 11. Bxd5 Be6 12. Bc6+ (12. e4 $5 $16) 12... Bd7 13. Bg2
Be7 14. Be3 $16) 10. Bc6 {Here we have very serious options, tried many times
in practice:} (10. Qd4 {Krylov,M (2530)-Landa,K (2635)/Dagomys 2010[Ftacnik] 
(33)}) ({A positional option is playable too:} 10. Qc2 Bb7 ({But} 10... Bb4 {
is weaker:} 11. Rd1 Qe7 12. Ne4 Nxe5 13. Be3 Bd7 14. Bxa7 Rd8 15. a3 Bd6 16.
Bb6 O-O 17. Nxd6 cxb6 18. Qe4 Nc6 19. Qe3 Na7 20. Rd2 Bc6 21. Rad1 Bxg2 22.
Kxg2 Qc7 23. f3 {Wang Yue (2734)-Ni Hua (2646)/Xinghua Jiangsu CHN 2011.
White's control of the d-file is very unpleasant.}) 11. Bxb7 Rxb7 12. Qe4 Qc8
13. Rd1 c6 14. Be3 f5 15. exf6 Nxf6 16. Qe5 Be7 17. a4 a6 18. axb5 axb5 19. Ne4
O-O 20. Bd4 Ne8 21. Nc5 Bxc5 22. Bxc5 Rf5 23. Qe3 Rd5 24. Rxd5 exd5 25. Bb4 Nc7
26. Ra5 h6 {Halkias,S (2561)-Sveshnikov,E (2514)/Al-Ain UAE 2012. Black has
taken the initiative.}) ({Some specialists have questions about} 10. Bf4 Bb7
11. Bxb7 Rxb7 12. Qc2 Be7 13. Rfd1 Qc8 (13... c5 14. a4 b4 15. Ne4 O-O 16. Qxc4
Nb6 17. Qa6 Rd7 18. Rdc1 Nd5 19. Nxc5 Bxc5 20. Rxc5 Nxf4 21. gxf4 Rd4 22. Rac1
g6 23. Rc8 Rd1+ 24. Rxd1 Qxd1+ 25. Kg2 Rxc8 26. Qxc8+ Kg7 {Matlakov,M (2604)
-Ivanov,S (2542)/St Petersburg RUS 2010 (34). Black has no problems in the
queen ending.}) 14. Qe4 c6 15. Qf3 O-O 16. Ne4 f5 17. exf6 Nxf6 18. Nd6 Bxd6
19. Bxd6 Rd8 $15 {1-0 Gleizerov,E-Rustemov,A/Bydgoszcz 2000/ (42)}) (10. a4 {
is not logical:} b4 11. Nb5 Bc5 12. Bf4 g5 13. Be3 Bxe3 14. fxe3 a6 15. Na7
Nxe5 16. Qd4 Qd6 17. Nc6 Qxd4 18. exd4 Nxc6 19. Bxc6+ Ke7 $17 {Cori T.,D (2403)
-David,A (2622)/Paris FRA 2010 (55); with winning chances.}) 10... a6 11. Qd4
Bb7 12. Bxb7 Rxb7 13. Rd1 Qc8 $2 ({The correct way is the direct counterattack
in the centre with} 13... c5 14. Qg4 Qc7 15. Bf4 Qc6 16. f3 f5 17. exf6 Nxf6
18. Qg5 Be7 (18... Kf7 19. Be5 h6 20. Qf4 Be7 21. Ne4 {1/2-1/2 Rama,L-Rajkovic,
D/Durres 2001/ (28)}) 19. Qxg7 (19. a3 O-O 20. Be5 Rf7 21. Qc1 Rd7 22. Rxd7
Nxd7 23. Bf4 Nf6 {0-1 Gazarek,D-Haba,P/Pardubice 2000/ (60)}) 19... Rg8 20. Qh6
Rg6 21. Qh3 b4 22. Nb1 Rd7 $5 (22... c3 $5) 23. Nd2 c3 24. Nc4 cxb2 25. Nxb2 {
0-1 Gleizerov,E-Werle,J/Hoogeveen 2000/ (59)} Nd5 $17) 14. a4 Be7 (14... Bc5 {
was worse:} 15. Qg4 $16 {Tasic-Dorfman, Nice op. 1993}) ({But} 14... c5 {
is still playable:} 15. Qf4 b4 16. Ne4 Qb8) 15. axb5 axb5 16. Qg4 $1 Kf8 $2 ({
It was better to accept the mistake with} 16... Bf8) 17. Rxd7 $1 Qxd7 18. Ra8+
Bd8 19. Qf3 ({The direct} 19. Bg5 {was no worse:} f6 20. exf6) 19... b4 {
What else?} 20. Bg5 bxc3 21. Bxd8 $1 f5 22. Bg5+ Kf7 23. Rxh8 Kg6 (23... cxb2
24. Qh5+ g6 25. Qxh7#) 24. Qxb7 1-0

[Event "Jermuk FIDE GP (Women)"]
[Site "Jermuk"]
[Date "2012.07.28"]
[Round "11"]
[White "Ju, Wenjun"]
[Black "Koneru, Humpy"]
[Result "0-1"]
[WhiteElo "2518"]
[BlackElo "2598"]
[Annotator "Mikhalchishin,A"]
[PlyCount "76"]
[EventDate "2012.07.16"]
[EventType "tourn"]
[EventRounds "11"]
[EventCountry "ARM"]
[EventCategory "11"]
[SourceTitle "CBM 150"]
[Source "ChessBase"]
[SourceDate "2012.09.14"]
[SourceVersion "1"]
[SourceVersionDate "2012.09.14"]
[SourceQuality "1"]

1. d4 d5 2. c4 e6 3. Nf3 Nf6 4. g3 dxc4 5. Bg2 a6 6. O-O Nc6 7. Nc3 Rb8 8. e4
Be7 9. d5 ({Generally the most common way of development here is} 9. Qe2) 9...
Nb4 10. Ne5 ({The other knight move} 10. Ne1 {is insufficient:} exd5 11. a3 d4
12. axb4 dxc3 13. Qxd8+ Bxd8 14. bxc3 O-O) 10... exd5 11. exd5 Bf5 12. a3 (12.
Bg5 {seems to be much worse:} O-O 13. a3 Nbxd5 14. Nxd5 Nxd5 $17 15. Bxd5 Bxg5
16. Qf3 Qf6 17. Rfe1 Be6 $17 18. Qxf6 Bxf6 19. Bxe6 fxe6 20. Nxc4 Bd4 21. Re2
Rbd8 {0-1 Wojtkiewicz,A-Kveinys,A/Mikolajki 1991/EXT 2000 (49)}) 12... Nd3 (
12... Nc2 $2 {was simply bad:} 13. Rb1 O-O 14. g4 $18 {[%csl Rc2,Rf5]}) 13.
Nxc4 Nxc1 ({For some reasons castling is not so popular, but in my opinion is
even more logical!} 13... O-O $5 14. b4 (14. Be3 Re8 15. b4 Ng4 16. Ne4 Nde5
17. Nxe5 Nxe5 18. Bf4 {1/2 Miton,K (2545)-Jakubowski,K (2483)/Warsaw 2003/CBM
095}) 14... Re8 15. h3 Nd7 16. Be3 Bf6 17. Qb3 N7e5 18. Nd2 Nd7 19. Rad1 N3e5
20. Nde4 Ng6 21. a4 Bxc3 22. Nxc3 Nf6 23. b5 Be4 24. Nxe4 Nxe4 25. b6 Nd6 26.
Rc1 Rxe3 27. Qxe3 cxb6 28. Rb1 b5 29. axb5 axb5 30. Rfc1 Qd7 31. Qb6 Re8 32.
Qc7 Qd8 33. Qxd8 Rxd8 34. Rc7 {1/2 Lalic,B (2501)-Korneev,O (2572)/Lorca 2001/
EXT 2002}) 14. Rxc1 O-O 15. h3 ({It seems to be more dynamic seems to
centralise the queen:} 15. Qd4) (15. b4 Ne8 16. Ne4 (16. Qf3 g6 17. Rfe1 (17.
Ne4 Bxe4 18. Qxe4 Nd6 19. Qc2 Nxc4 20. Qxc4 Bd6 21. Rfe1 Qf6 22. Qc3 Qxc3 23.
Rxc3 Rfe8 24. Rxe8+ Rxe8 25. Kf1 Kg7 {1/2 Bareev,E (2726)-Adams,M (2752)/
Dortmund 2002/CBM 090}) 17... Nd6 18. Nxd6 Bxd6 19. Ne4 Bxe4 20. Rxe4 Qg5 21.
Rd1 {1/2-1/2 Ruck,R-Tukmakov,V/Porec 1998/EXT 99 (31)}) (16. h4 Nd6 17. Ne3 Bd7
18. Ne4 Nxe4 19. Bxe4 f5 20. Bd3 f4 21. Qh5 g6 {1/2-1/2 Kachiani Gersinska,
K-Misanovic,V/Cetinje 1991/EXT 97 (21)}) 16... Nd6 17. Nexd6 cxd6 18. Qf3 g6
19. h4 Re8 20. Rfe1 Bf8 21. Qf4 Rxe1+ 22. Rxe1 Rc8 {1/2 Hoffmann,M (2469)
-Vallejo Pons,F (2664)/Germany 2009; with a slight black advantage:}) 15... Ne8
16. g4 {Other ideas will have to be tried out:} (16. Re1 Nd6 17. Ne5 Bf6 18. f4
Re8 19. Qf3 h6 20. Re2 Re7 21. Rce1 Qf8 22. Nd1 Rbe8 23. Nf2 g6 24. g4 {
1/2 Sosonko,G (2540)-Rodriguez Cespedes,A (2505)/Amsterdam 1989/CBM 015}) (16.
Qf3 Bg6 17. h4 h6 18. Ne5 Bh7 19. Rfe1 Bd6 20. Na4 Nf6 21. Nc5 Re8 22. Ncd3
Bxe5 23. Nxe5 Qd6 24. Qc3 {1/2 Inkiov,V (2517)-Gajewski,G (2493)/Lyon 2006;
White managed to keep a small advantage.}) 16... Bd7 (16... Bg6 {is not
dangerous at all:} 17. Ne5 Nd6 18. Qd4 Re8 19. f4 Bf6) 17. f4 $6 ({After} 17.
Ne5 {Black can start very active counterplay:} f5 18. Re1 Nd6) 17... Bc5+ 18.
Kh1 Nd6 19. Ne5 Re8 ({A more direct way was} 19... f6 20. Nxd7 Qxd7 21. Qc2
Rbe8 22. Na4 Be3 23. Nc5 Qb5 24. Ne6 Bxc1 25. Rxc1 Rf7 26. Nxc7 Rxc7 27. Qxc7
Nc8) 20. Qd3 Bb6 (20... h5 {could be very unpleasant}) 21. Rce1 Bb5 $6 ({
A very logical development plan was} 21... Qh4 22. Qd2 Rbd8 23. Nxd7 Rxd7 24.
Rxe8+ Nxe8 25. Ne4 h6) 22. Nxb5 axb5 23. g5 $1 f6 24. Nf3 ({Black could keep a
slight advantage in the opposite coloured bishop ending:} 24. gxf6 Qxf6 25. Nd7
Qf5 26. Qxf5 Nxf5 27. Nxb8 Ng3+ 28. Kh2 Nxf1+ 29. Rxf1 Rxb8) 24... Qd7 25. gxf6
gxf6 $2 ({Black could keep an advantage the tactical way:} 25... Qf5 $1 26. f7+
Qxf7 27. Ne5 Qf5) 26. Nd4 Bxd4 27. Qxd4 Qg7 28. Qd3 (28. Rg1 {was better.})
28... Kh8 29. Re6 Rg8 $1 {From this moment Koneru starts unbeliveable
transpositions of her major pieces.} 30. Rf2 (30. Rg1 {is better:} Rbf8 31. Qb1
) 30... Rbf8 31. Rfe2 Rf7 $1 {White has no clear plan, but Koneru has!} 32. Kh2
Qh6 33. Qf3 Rfg7 $1 {Transposition completed!} 34. Rf2 ({It was difficult for
White to continue the defence} 34. Bf1 Nf5 35. Qf2 Qh5 36. Rd2 Nh6) 34... Nf5 {
Now White loses material.} 35. Qd3 ({Or} 35. Qe4 Qh4 36. Rd2 Qg3+ 37. Kh1 Nh4)
35... Qxf4+ $3 {A simple, but nice queen sacrifice!} 36. Kg1 (36. Rxf4 Rxg2+
37. Kh1 Rg1+ 38. Kh2 R8g2# {A beautiful mate!}) 36... Qc1+ 37. Kh2 Nh4 38. Bf1
Qg5 0-1